Peace time uses of outer space (Record no. 293835)

000 -LEADER
fixed length control field 00248 a2200109 4500
001 - CONTROL NUMBER
control field 58762
082 ## - DEWEY DECIMAL CLASSIFICATION NUMBER
Classification number 629.41SIP
090 ## - LOCALLY ASSIGNED LC-TYPE CALL NUMBER (OCLC); LOCAL CALL NUMBER (RLIN)
-- 36075
-- 36075
100 ## - MAIN ENTRY--PERSONAL NAME
Personal name Berkner L V.
245 ## - TITLE STATEMENT
Title Peace time uses of outer space
260 ## - PUBLICATION, DISTRIBUTION, ETC.
Place of publication, distribution, etc. NY
Name of publisher, distributor, etc. Mcgraw-Hil
Date of publication, distribution, etc. 1961
942 ## - ADDED ENTRY ELEMENTS (KOHA)
Institution code [OBSOLETE] NUST-CAE
Call number prefix 629.41SIP
Holdings
Withdrawn status Lost status Damaged status Not for loan Collection code Permanent Location Current Location Date acquired Total Checkouts Full call number Barcode Date last seen Price effective from Koha item type
          College of Aeronautical Engineering (CAE) College of Aeronautical Engineering (CAE) 04/03/2017   629.41SIP CAE74177 04/05/2017 04/05/2017 Book
© 2023 Central Library, National University of Sciences and Technology. All Rights Reserved.